|
|
|
|
| LEADER |
00000nab a2200000 4500 |
| 001 |
vtls011741687 |
| 003 |
SK-MaSNL |
| 005 |
20260305031311.0 |
| 008 |
180215 2017 xo 000 0 slo |
| 015 |
|
|
|a SNBRB2018/02
|
| 038 |
|
|
|a PPPK
|
| 040 |
|
|
|a PPPKCL
|b slo
|e rda
|
| 041 |
0 |
|
|a slo
|
| 043 |
|
|
|a e-xo---
|
| 044 |
|
|
|a xo
|c SK
|
| 072 |
|
7 |
|a 71
|x Územné plánovanie. Urbanizmus. Pamiatková starostlivosť
|2 konspekt
|
| 080 |
|
|
|a 625.712.47
|2 2011
|
| 080 |
|
|
|a 718
|2 2011
|
| 245 |
0 |
0 |
|a Nové multifunkčné ihrisko a urnový háj na ulici Potok v Matiašovciach
|
| 336 |
|
|
|a text
|b txt
|2 rdacontent
|
| 337 |
|
|
|a bez média
|b n
|2 rdamedia
|
| 338 |
|
|
|a zväzok
|b nc
|2 rdacarrier
|
| 500 |
|
|
|a Autor článku nie je uvedený.
|
| 650 |
0 |
7 |
|a ihriská
|2 pppkcl
|9 181037
|
| 650 |
0 |
7 |
|a cintoríny
|2 pppkcl
|9 2946
|
| 650 |
0 |
7 |
|a žiarové hroby
|2 pppkcl
|9 90113
|
| 651 |
|
7 |
|a Matiašovce (Slovensko)
|2 pppkcl
|9 54501
|
| 651 |
|
7 |
|a Kežmarok (Slovensko : okres)
|2 pppkcl
|9 51824
|
| 773 |
0 |
|
|t Naše Matiašovce : občasník obce Matiašovce
|g Roč. 7, č. 4 (2017), s. 2
|x 1338-8053
|
| 852 |
|
|
|a PPPK
|b KIS3GCP
|
| 999 |
|
|
|c 3315613
|d 3317543
|